Breve historia de los godos / (Record no. 195461)

MARC details
000 -LEADER
campo de control de longitud fija 02366nam a2200385 i 4500
001 - NÚMERO DE CONTROL
campo de control 195461
003 - IDENTIFICADOR DE NÚMERO DE CONTROL
campo de control SpMaBN
005 - FECHA Y HORA DE LA ÚLTIMA TRANSACCIÓN
campo de control 20250711063126.0
008 - DATOS DE LONGITUD FIJA--INFORMACIÓN GENERAL
campo de control de longitud fija 240613s2015 sp a | |||| 000 0dspa
015 ## - NÚMERO DE BIBLIOGRAFÍA NACIONAL
Número de bibliografía nacional MON15
017 ## - NÚMERO DE COPYRIGHT O DE DEPÓSITO LEGAL
Número de copyright o de depósito legal M 22508-2015
Agencia que asigna Oficina Depósito Legal Madrid
020 ## - NÚMERO INTERNACIONAL ESTÁNDAR DEL LIBRO
Número Internacional Estándar del Libro 9788499677361
035 ## - NÚMERO DE CONTROL DEL SISTEMA
Número de control de sistema (OCoLC)927741444
040 ## - FUENTE DE CATALOGACIÓN
Centro catalogador/agencia de origen SpMaBN
Lengua de catalogación spa
Centro/agencia transcriptor SpMaBN
Normas de descripción rdc
Centro/agencia modificador ES-MaACL
080 ## - NÚMERO DE LA CLASIFICACIÓN DECIMAL UNIVERSAL
Número de la Clasificación Decimal Universal 94(363.6)
100 ## - ENTRADA PRINCIPAL--NOMBRE DE PERSONA
Nombre de persona Miranda García, Fermín
Número de control del registro de autoridad o número normalizado XX1119654
9 (RLIN) 237020
Término indicativo de función/relación Autor
245 10 - MENCIÓN DEL TÍTULO
Título Breve historia de los godos /
Mención de responsabilidad, etc. Fermín Miranda-García
260 ## - PUBLICACIÓN, DISTRIBUCIÓN, ETC.
Lugar de publicación, distribución, etc. Madrid :
Nombre del editor, distribuidor, etc. Nowtilus,
Fecha de publicación, distribución, etc. 2015.
300 ## - DESCRIPCIÓN FÍSICA
Extensión 283 páginas :
Otras características físicas ilustrado, mapas ;
Dimensiones 19 cm
336 ## - TIPO DE CONTENIDO
Término de tipo de contenido Texto (visual)
Fuente isbdcontent
337 ## - TIPO DE MEDIO
Nombre/término del tipo de medio sin mediación
Fuente isbdmedia
338 ## - TIPO DE SOPORTE
Fuente rdacarrier
Nombre/término del tipo de soporte volumen
490 0# - MENCIÓN DE SERIE
Mención de serie Breve historia
504 ## - NOTA DE BIBLIOGRAFÍA, ETC.
Nota de bibliografía, etc. Bibliografía: páginas 249-255
520 ## - RESUMEN, ETC.
Sumario, etc. Medio milenio de la historia de Europa entre la Antigüedad y la Edad Media. Desde sus orígenes mitológicos en el báltico, la nueva Roma de Leovigildo y el reino hispanogodo de Toledo hasta la derrota final frente a los musulmanes en la península ibérica.<br/><br/>En Breve Historia de los Godos se recorren varios siglos y miles de kilómetros se sucedieron simbiosis culturales, guerras, construcciones políticas e ideológicas y, sobre todo, un esfuerzo denodado por integrarse en el mundo romano, primero como aliados y luego como sucesores y herederos de la cultura del Imperio en los dos reinos que construyeron en Italia e Hispania. Poco que ver con la imagen legendaria de crueldad y barbarie. El primero desapareció pronto, pero el segundo, el reino hispanogodo, o visigodo, de Toledo, se convirtió en el más complejo y romanizado de Occidente, con intelectuales de la talla de Isidoro de Sevilla y una legislación que perduró durante siglos.
650 #4 - PUNTO DE ACCESO ADICIONAL DE MATERIA--TÉRMINO DE MATERIA
Término de materia o nombre geográfico como elemento de entrada Godos-
Subdivisión general Historia
Fuente del encabezamiento o término embne
9 (RLIN) 13132
852 ## - LOCALIZACIÓN
Ubicación ES-MaACL
Ubicación en estantería Depósito J
Número de control de estantería N-10022
Donativo/Legado Donación: José Lázaro García
Encuadernación Encuadernación rústica con solapas
itemnumber 206170
903 ## - NOMBRE PERSONAL DE DONANTE
9 234219
a Lázaro García, José
e Donante
942 ## - ELEMENTOS DE ENTRADA SECUNDARIOS (KOHA)
Tipo de ítem Koha Libro impreso
Suprimir en OPAC No
Holdings
Estatus retirado Estado de pérdida Fuente del sistema de clasificación o colocación Estado de daño No para préstamo Biblioteca de origen Biblioteca actual Ubicación en estantería Fecha de adquisición Fuente de adquisición Total de préstamos Signatura topográfica completa Código de barras Visto por última vez Precio de reemplazo Tipo de ítem Koha
    Clasificación decimal universal     Biblioteca del Ateneo de Madrid Biblioteca del Ateneo de Madrid Depósito J 08/07/2025 Donación   N-10022 2025-0561 08/07/2025 08/07/2025 Libro impreso